| 000 | 00510nam a2200169 a 4500 | ||
|---|---|---|---|
| 001 | 000025722 | ||
| 005 | 20200930024011.0 | ||
| 008 | 110221s1974 xxcb r 001 0 eng d | ||
| 020 | _a0771077017 | ||
| 040 |
_aDO-SdBNP _beng _cBNPHU |
||
| 082 |
_ann* _bnn* |
||
| 100 | 1 |
_aRohmer, Richard. _941275 |
|
| 245 | 1 | 4 |
_aThe arctic imperative : _ban overview of the energy crisis / _cRichard Rohmer. |
| 260 |
_aToronto : _bMcClelland and Stewart Limited, _c1974. |
||
| 300 |
_a224 p. : _bmapas ; _c21 cm. |
||
| 049 | _aBNGR | ||
| 999 |
_c25214 _d25214 |
||